00672nam a2200241 a 4500001001300000003000900013005001700022008004100039020001000080082001500090100001600105245002600121260003800147300000900185500003500194505003300229650002700262700001600289902000800305942000700313952009500320999001500415nice12345678IN_TiNIC20260116011526.0050524s1934 ista grs 000 0 trg  ac10000a232.9bGRA aGraham, T W aIsa Hikayesi, Turkish aIstanbulbSelamet Matbaasi.c1934 a202p aincludes index and biblioraphy2 aMethodist church west africa aJesus Christ-Biography1 aGraham, T W bSRS cPS 00104070aHMIbHMId2007-06-18g100.00l0o232.9 GRAp1981r2007-06-18w2026-01-16yARB c2315d2315